[Event "EU-ch (Women) 12th"]
[Site "Tbilisi"]
[Date "2011.05.11"]
[Round "5"]
[White "Trapaidze, Lizi"]
[Black "Novkovic, Julia"]
[Result "1/2-1/2"]
[WhiteElo "1744"]
[BlackElo "2120"]
[PlyCount "63"]
[EventDate "2011.05.07"]
[EventType "swiss"]
[EventRounds "11"]
[EventCountry "GEO"]
[SourceTitle "CBM 142 Extra"]
[Source "ChessBase"]
[SourceDate "2011.06.27"]
[SourceVersion "1"]
[SourceVersionDate "2011.06.27"]
[SourceQuality "1"]

1. e4 e6 2. d4 c5 3. Nf3 cxd4 4. Nxd4 Nf6 5. Bd3 Nc6 6. Nxc6 bxc6 7. c4 d5 8. exd5 cxd5 9. 0-0 Be7 10. cxd5 Nxd5 11. Qa4+ Bd7 12. Bb5 Bxb5 13. Qxb5+ Qd7 14. Qxd7+ Kxd7 15. Rd1 Kc6 16. Nd2 Rhd8 17. Nf3 Bf6 18. g4 g6 19. Rb1 Nb4 20. Rxd8 Rxd8 21. Be3 Rd5 22. a3 Nd3 23. b4 a6 24. Kf1 Bb2 25. a4 h5 26. gxh5 gxh5 27. Ne1 Nxe1 28. Rxb2 Nd3 29. Rb3 e5 30. Ke2 e4 31. Rc3+ Kd6 32. Rb3 1/2-1/2

[Event "EU-ch (Women) 12th"]
[Site "Tbilisi"]
[Date "2011.05.08"]
[Round "2"]
[White "Trapaidze, Lizi"]
[Black "Gavasheli, Ana"]
[Result "0-1"]
[WhiteElo "1744"]
[BlackElo "2160"]
[PlyCount "74"]
[EventDate "2011.05.07"]
[EventType "swiss"]
[EventRounds "11"]
[EventCountry "GEO"]
[SourceTitle "CBM 142 Extra"]
[Source "ChessBase"]
[SourceDate "2011.06.27"]
[SourceVersion "1"]
[SourceVersionDate "2011.06.27"]
[SourceQuality "1"]

1. e4 d6 2. d4 e5 3. Nc3 exd4 4. Qxd4 Nc6 5. Qd1 g6 6. g3 Bg7 7. Bg2 Nf6 8. Nge2 0-0 9. 0-0 Re8 10. h3 Nd7 11. g4 Nc5 12. Be3 f5 13. exf5 gxf5 14. Nd4 fxg4 15. Nxc6 Qh4 16. Nd4 gxh3 17. Bf3 Kh8 18. Kh1 Be5 19. Rg1 Bd7 20. Rg5 Rg8 21. Rh5 Qf6 22. Ne4 Nxe4 23. Bxe4 Rg7 24. Nf5 Bxf5 25. Rxf5 Qh4 26. Qf3 h2 27. Rh5 Rag8 28. Bg5 Rxg5 29. Rxg5 Qxg5 30. Qd1 c6 31. c3 d5 32. Bf3 Qf4 33. Qd3 Rf8 34. Kg2 Qg5+ 35. Kh1 Rg8 36. Qd1 h5 37. Qf1 Qh4 0-1

[Event "EU-ch (Women) 12th"]
[Site "Tbilisi"]
[Date "2011.05.07"]
[Round "1"]
[White "Guramishvili, Sopiko"]
[Black "Trapaidze, Lizi"]
[Result "1-0"]
[WhiteElo "2299"]
[BlackElo "1744"]
[PlyCount "49"]
[EventDate "2011.05.07"]
[EventType "swiss"]
[EventRounds "11"]
[EventCountry "GEO"]
[SourceTitle "CBM 142 Extra"]
[Source "ChessBase"]
[SourceDate "2011.06.27"]
[SourceVersion "1"]
[SourceVersionDate "2011.06.27"]
[SourceQuality "1"]

1. c4 e6 2. Nf3 d5 3. g3 c6 4. Bg2 Nf6 5. 0-0 Nbd7 6. d4 Bd6 7. Qc2 0-0 8. Nbd2 Re8 9. Rd1 Qe7 10. e3 Bc7 11. b3 dxc4 12. Nxc4 Rd8 13. Ba3 Qe8 14. e4 Nb6 15. Rac1 Nfd7 16. e5 Nxc4 17. bxc4 Ba5 18. Bd6 Nf8 19. Ng5 g6 20. Ne4 Nd7 21. Qa4 b6 22. Bc7 Ba6 23. Nd6 Qe7 24. Bxd8 Rxd8 25. Bxc6 1-0

[Event "EU-ch U16 Girls"]
[Site "Batumi"]
[Date "2010.09.28"]
[Round "9"]
[White "Trapaidze, Lizi"]
[Black "Barbageorgopoulou, Fani"]
[Result "0-1"]
[WhiteElo "1676"]
[BlackElo "1887"]
[PlyCount "124"]
[EventDate "2010.09.20"]
[EventType "swiss"]
[EventRounds "9"]
[EventCountry "GEO"]
[SourceTitle "CBM 138 Extra"]
[Source "ChessBase"]
[SourceDate "2010.10.29"]
[SourceVersion "1"]
[SourceVersionDate "2010.10.29"]
[SourceQuality "1"]

1. e4 c6 2. d4 d5 3. exd5 cxd5 4. c4 Nf6 5. Nc3 e6 6. Nf3 Bb4 7. cxd5 Nxd5 8. Bd2 Be7 9. Bd3 Nc6 10. Nxd5 exd5 11. h3 0-0 12. 0-0 Bf6 13. Bc3 Be6 14. Rc1 Rc8 15. Re1 Re8 16. Qd2 Qd7 17. Kh2 Bf5 18. Bxf5 Qxf5 19. Rxe8+ Rxe8 20. Re1 Re4 21. Kg1 g6 22. a3 Kg7 23. Rxe4 dxe4 24. Ne1 Ne7 25. Nc2 Nd5 26. Ne3 Qe6 27. Ng4 Be7 28. Ne5 Bd6 29. Qe1 f5 30. Nc4 Be7 31. Ne5 Bf6 32. f4 Nxf4 33. Qd2 Nd5 34. Kf1 Nb6 35. g4 Nc4 36. Nxc4 Qxc4+ 37. Kg2 Qd5 38. Qe3 fxg4 39. hxg4 Bg5 40. Qg3 Bf6 41. Qc7+ Qf7 42. Qf4 Qd5 43. Qc7+ Kg8 44. Qc8+ Bd8 45. Kf2 Kg7 46. Ke2 Qb5+ 47. Kf2 Bh4+ 48. Kg1 Qd5 49. Qc7+ Kg8 50. Qc8+ Bd8 51. Kf2 Kg7 52. Ke2 a6 53. a4 Kf7 54. Ke3 Kg8 55. Ke2 Kf7 56. Ke3 Bg5+ 57. Ke2 Qc6 58. Qxc6 bxc6 59. b3 Ke6 60. Kf2 Kd5 61. Ke2 Bf6 62. Ke3 c5 0-1

[Event "EU-ch U16 Girls"]
[Site "Batumi"]
[Date "2010.09.22"]
[Round "3"]
[White "Trapaidze, Lizi"]
[Black "Leks, Maria"]
[Result "1-0"]
[WhiteElo "1676"]
[BlackElo "2052"]
[PlyCount "83"]
[EventDate "2010.09.20"]
[EventType "swiss"]
[EventRounds "9"]
[EventCountry "GEO"]
[SourceTitle "CBM 138 Extra"]
[Source "ChessBase"]
[SourceDate "2010.10.29"]
[SourceVersion "1"]
[SourceVersionDate "2010.10.29"]
[SourceQuality "1"]

1. e4 d5 2. exd5 Qxd5 3. Nc3 Qd6 4. g3 Nf6 5. Bg2 Nc6 6. Nf3 e5 7. 0-0 Bg4 8. h3 Bh5 9. d3 0-0-0 10. Re1 e4 11. Nxe4 Nxe4 12. Rxe4 Qd5 13. Bf4 f5 14. Re1 h6 15. h4 Bd6 16. c4 Qf7 17. Bxd6 Rxd6 18. Qb3 Bxf3 19. Bxf3 Qd7 20. Rad1 g5 21. hxg5 hxg5 22. Kg2 g4 23. Bd5 Rxd5 24. cxd5 Na5 25. Qc3 Qxd5+ 26. Kf1 Rh2 27. Ke2 Qf3+ 28. Kd2 Qxf2+ 29. Kc1 b6 30. Re8+ Kb7 31. d4 Nc6 32. a3 Na5 33. b4 Nc4 34. Rde1 Nxa3 35. R1e2 Qxe2 36. Rxe2 Rxe2 37. Qxa3 Re4 38. Qc3 c6 39. Kd2 f4 40. Qd3 Re3 41. Qh7+ Ka6 42. gxf4 1-0